Conservation Briefs : Identification And Documentation Of Built Heritage In India (Record no. 17882)
[ view plain ]
| 000 -LEADER | |
|---|---|
| fixed length control field | 00425nam a2200145Ia 4500 |
| 008 - FIXED-LENGTH DATA ELEMENTS--GENERAL INFORMATION | |
| fixed length control field | 220803s9999 xx 000 0 und d |
| 041 ## - LANGUAGE CODE | |
| Language code of text/sound track or separate title | eng |
| 082 ## - DEWEY DECIMAL CLASSIFICATION NUMBER | |
| Classification number | 722.954 GUP |
| 100 ## - MAIN ENTRY--PERSONAL NAME | |
| Personal name | Gupta D |
| 9 (RLIN) | 28174 |
| 245 ## - TITLE STATEMENT | |
| Title | Conservation Briefs : Identification And Documentation Of Built Heritage In India |
| 260 ## - PUBLICATION, DISTRIBUTION, ETC. (IMPRINT) | |
| Place of publication, distribution, etc. | New Delhi |
| Name of publisher, distributor, etc. | Intach Pub |
| Date of publication, distribution, etc. | 2007 |
| 300 ## - PHYSICAL DESCRIPTION | |
| Extent | 86p |
| 650 ## - SUBJECT ADDED ENTRY--TOPICAL TERM | |
| Topical term or geographic name as entry element | Architectural History |
| 9 (RLIN) | 28175 |
| 700 ## - ADDED ENTRY--PERSONAL NAME | |
| Personal name | Gupta D |
| 9 (RLIN) | 28174 |
| Withdrawn status | Lost status | Damaged status | Not for loan | Home library | Current library | Shelving location | Date acquired | Total Checkouts | Full call number | Barcode | Date last seen | Bill Date | Koha item type | Original Barcode |
|---|---|---|---|---|---|---|---|---|---|---|---|---|---|---|
| Dr. Bhanuben Nanavati College of Architecture | Dr. Bhanuben Nanavati College of Architecture | 29/03/2010 | 722.954 GUP | BNCA-DB-365 | 03/08/2022 | 03/08/2022 | Donated Book | DB000365 | ||||||
| Dr. Bhanuben Nanavati College of Architecture | Dr. Bhanuben Nanavati College of Architecture | 29/03/2010 | 722.954 GUP | BNCA-DB-366 | 03/08/2022 | 03/08/2022 | Donated Book | DB000366 |